LEADER 03316nam 22005655 450 001 9910300001203321 005 20251116204311.0 010 $a9783319778549 010 $a3319778544 024 7 $a10.1007/978-3-319-77854-9 035 $a(CKB)4100000004836677 035 $a(MiAaPQ)EBC5435831 035 $a(DE-He213)978-3-319-77854-9 035 $a(Perlego)3491763 035 $a(EXLCZ)994100000004836677 100 $a20180623d2018 u| 0 101 0 $aeng 135 $aurcnu|||||||| 181 $ctxt$2rdacontent 182 $cc$2rdamedia 183 $acr$2rdacarrier 200 10$aAesthetics and Politics $eA Nordic Perspective on How Cultural Policy Negotiates the Agency of Music and Arts /$fedited by Ole Marius Hylland, Erling Bjurström 205 $a1st ed. 2018. 210 1$aCham :$cSpringer International Publishing :$cImprint: Palgrave Macmillan,$d2018. 215 $a1 online resource (218 pages) 225 1 $aNew Directions in Cultural Policy Research,$x2730-9258 311 08$a9783319778532 311 08$a3319778536 327 $aChapter 1 The relational politics of aesthetics. An introduction -- Chapter 2 Musical nation Bildung. The twin enterprises Concerts Norway and Concerts Sweden -- Chapter 3 Fifty years of aesthetic construction work: The music policy of Arts Council Norway 1965-2015 -- Chapter 4 Music for One and All? Music Education Policy in Norway and England -- Chapter 5 The art of foreign policy. Aesthetics' developmental agency in foreign cultural policy -- Chapter 6 Knowledge production as mediator between aesthetics and politics. The role of research in cultural policy -- Chapter 7 Aesthetics + politics =. 330 $aThrough comparative and integrated case studies, this book demonstrates how aesthetics becomes politics in cultural policy. Contributors from Norway, Sweden and the UK analyse exactly what happens when art is considered relevant for societal development, at both a practical and theoretical level. Cultural policy is seen here as a mechanism for translating values, that through organized and practical aesthetical judgement lend different forms of agency to the arts. What happens when aesthetical value is reinterpreted as political value? What kinds of negotiations take place at a cultural policy ground level when values are translated and reinterpreted? By addressing these questions, the editors present an original collection that effectively centralises and investigates the role of aesthetics in cultural policy research. 410 0$aNew Directions in Cultural Policy Research,$x2730-9258 606 $aCultural policy 606 $aArts 606 $aCulture$xStudy and teaching 606 $aCultural Policy and Politics 606 $aFine Art 606 $aCultural Theory 615 0$aCultural policy. 615 0$aArts. 615 0$aCulture$xStudy and teaching. 615 14$aCultural Policy and Politics. 615 24$aFine Art. 615 24$aCultural Theory. 676 $a948 702 $aHylland$b Ole Marius$f1971-$4edt$4http://id.loc.gov/vocabulary/relators/edt 702 $aBjurstro?m$b Erling$f1949-$4edt$4http://id.loc.gov/vocabulary/relators/edt 906 $aBOOK 912 $a9910300001203321 996 $aAesthetics and Politics$92150039 997 $aUNINA LEADER 03045nas 2200901-a 450 001 9910142510503321 005 20260218110402.0 011 $a1608-9065 035 $a(DE-599)ZDB2175633-8 035 $a(CKB)111056648029280 035 $a(CONSER)--2003260117 035 $a(DE-599)2175633-8 035 $a(EXLCZ)99111056648029280 100 $a20010402b2000200u -f- - 101 0 $aeng 181 $ctxt$2rdacontent 182 $cc$2rdamedia 183 $acr$2rdacarrier 200 00$aEnlargement papers /$fby the Directorate General for Economic and Financial Affairs, European Commission 210 $aBrussels, Belgium $cDirectorate General for Economic and Financial Affairs, European Commission$dc2000- 215 $a1 online resource 311 08$aPrint version: Enlargement papers / 1608-9022 (DLC) 2003260117 (OCoLC)46645962 517 1 $aEuropean economy. 531 0 $aEnlarg. pap. 606 $aEU-Erweiterung$2stw 606 $aOsteuropa$2stw 606 $aOstmitteleuropa$2stw 606 $aNordosteuropa$2stw 606 $aMalta$2stw 606 $aZypern$2stw 606 $aTürkei$2stw 606 $aErweiterung$2gnd 606 $aEconomic history$2fast$3(OCoLC)fst00901974 606 $aEconomic policy$2fast$3(OCoLC)fst00902025 606 $aInternational economic integration$2fast$3(OCoLC)fst00976879 606 $aUE/CE élargissement$2eclas 606 $apolitique économique$2eclas 606 $aréformes économiques$2eclas 606 $aEU/EC enlargement$2eclas 606 $aeconomic policy$2eclas 606 $aeconomic reform$2eclas 607 $aEurope$xEconomic integration$vPeriodicals 607 $aEuropean Union countries$xEconomic policy$vPeriodicals 607 $aEuropean Union countries$xEconomic conditions$vPeriodicals 607 $aOsteuropa$2gnd 607 $aEuropäische Union$2swd 607 $aEurope$2fast 607 $aEuropean Union countries$2fast 607 $aPays de l'Est$2eclas 607 $aEastern block countries$2eclas 608 $aPeriodicals.$2fast 610 $aEU/EC enlargement$2ECLAS 610 $aEconomic policy$2ECLAS 610 $aEconomic reform$2ECLAS 610 $aEastern block countries$z4.15$2ECLAS 615 7$aEU-Erweiterung. 615 7$aOsteuropa. 615 7$aOstmitteleuropa. 615 7$aNordosteuropa. 615 7$aMalta. 615 7$aZypern. 615 7$aTürkei. 615 7$aErweiterung. 615 7$aEconomic history. 615 7$aEconomic policy. 615 7$aInternational economic integration. 615 7$aUE/CE élargissement 615 7$apolitique économique 615 7$aréformes économiques 615 7$aEU/EC enlargement 615 7$aeconomic policy 615 7$aeconomic reform 712 02$aEuropean Commission.$bDirectorate-General for Economic and Financial Affairs. 906 $aJOURNAL 912 $a9910142510503321 920 $aexl_impl conversion 996 $aEnlargement papers$91033693 997 $aUNINA